Southville International School and Colleges
Your cart is empty.
  • Cart
  • Lists
    Public lists list_1 View all
    Your lists Log in to create your own lists
  • Log in to your account
  • Your cookies
  • Search history
Southville International School and Colleges
  • Advanced search
  • Recent comments
  • Most popular
  • Libraries

Log in to your account

Log in with GOOGLE


If you do not have an external account, but do have a local account, you can still log in:

  1. Home
  2. MARC view: Business data processing and computer applications /
Normal view MARC view ISBD view

Business data processing and computer applications / (Record no. 294113)

[ view plain ]
MARC details
000 -LEADER
fixed length control field 00544nam a2200205Ia 4500
008 - FIXED-LENGTH DATA ELEMENTS--GENERAL INFORMATION
fixed length control field 160517s9999 xx 000 0 und d
020 ## - INTERNATIONAL STANDARD BOOK NUMBER
International Standard Book Number 81-7648-649-3
050 ## - LIBRARY OF CONGRESS CALL NUMBER
Classification number ComSc HF 5548.2
050 ## - LIBRARY OF CONGRESS CALL NUMBER
Item number .R43 2004
100 ## - MAIN ENTRY--PERSONAL NAME
Personal name Reddy, Jayaprakash R.
245 ## - TITLE STATEMENT
Title Business data processing and computer applications /
245 ## - TITLE STATEMENT
Statement of responsibility, etc Jayaprakash Reddy R.
260 ## - PUBLICATION, DISTRIBUTION, ETC. (IMPRINT)
Place of publication, distribution, etc New Delhi :
260 ## - PUBLICATION, DISTRIBUTION, ETC. (IMPRINT)
Name of publisher, distributor, etc A.P.H Pub. Corp.,
260 ## - PUBLICATION, DISTRIBUTION, ETC. (IMPRINT)
Date of publication, distribution, etc 2004
300 ## - PHYSICAL DESCRIPTION
Extent 129 pages :
300 ## - PHYSICAL DESCRIPTION
Other physical details ill. ;
300 ## - PHYSICAL DESCRIPTION
Dimensions 22 cm.
650 ## - SUBJECT ADDED ENTRY--TOPICAL TERM
Topical term or geographic name as entry element Business -- Data processing.
Holdings
Withdrawn status Lost status Damaged status Home library Current library Shelving location Date acquired Total Checkouts Full call number Barcode Date last seen Price effective from Koha item type
      South Mansfield College South Mansfield College   03/07/2005   ComSc HF 5548.2 .R43 2004 SMC01898 05/17/2016 05/17/2016  

Business data processing and computer applications /

APA

Reddy J. R., .Business data processing and computer applications. New Delhi: .

Chicago

Reddy Jayaprakash R, .Business data processing and computer applications. New Delhi: .

Harvard

Reddy J. R., .Business data processing and computer applications. New Delhi: .

MLA

Reddy Jayaprakash R, .New Delhi: . .

  • Place hold
  • Print
  • Cite
  • Add to your cart (remove)
  • Save record
    BIBTEX Dublin Core MARCXML MARC (non-Unicode/MARC-8) MARC (Unicode/UTF-8) MARC (Unicode/UTF-8, Standard) MODS (XML) RIS
  • More searches
    Search for this title in:
    Other Libraries (WorldCat) Other Databases (Google Scholar) Online Stores (Bookfinder.com) Open Library (openlibrary.org)

Exporting to Dublin Core...

SOUTHVILLE LIBRARY

Southville International School and Colleges Library

1281 Tropical Ave. Cor. Luxembourg St., BF Homes International, Las Pinas City

Tel. No. 8256374 / 252358 Loc. 117/146

Powered by Koha